000 00752nam a2200241 a 4500
001 000019534
005 20200929170041.0
008 100630s2008 sp ac 000 0 spa d
020 _a9788466216555
040 _aDO-SdBNP
_bspa
_cBNPHU
082 _a923.1
_bT88G
100 1 _aGarcía, Silvia
_941921
245 1 0 _aMao Tse-Tung /
_cSilvia García, J. Ramón González.
260 _aMadrid :
_bLIBSA,
_c2008.
300 _a312 p. :
_bil. ; retrs.
504 _aIncluye bibliografías [p. 312]
600 1 4 _aMAO, TSE-TUNG,
_d1893-1976
_941922
650 4 _aComunismo
_92880
651 4 _aChina
_xPolítica Y Gobierno
_z1949-1976
_941923
650 4 _aPresidentes
_zChina
_xBiografías
_941924
700 1 _aGonzález, J. Ramón
_941925
049 _aBNPD
999 _c19050
_d19050